[Event "5th Ordu Open 2019"]
[Site "Ordu"]
[Date "2019.05.02"]
[Round "5.13"]
[White "Deveci, Huseyin Said"]
[Black "Yurdamli, Tahsin"]
[Result "1/2-1/2"]
[WhiteElo "1274"]
[BlackElo "1445"]
[Annotator "NA"]
[PlyCount "134"]
[EventDate "2019.04.29"]
[EventType "swiss"]
[EventCountry "TUR"]
[SourceTitle "playchess.com"]
[Source "ChessBase"]
[SourceQuality "1"]
[TimeControl "5400+30"]

1. e4 {[%emt 0:30:30]} c5 {[%emt 0:30:30]} 2. c3 {[%emt 0:00:00]} d6 {[%emt 0:00:00]} 3. d4 {[%emt 0:00:00]} cxd4 {[%emt 0:00:00]} 4. cxd4 {[%emt 0:00:30]} Nf6 {[%emt 0:00:30]} 5. Nc3 {[%emt 0:00:00]} a6 {[%emt 0:00:00]} 6. a4 {[%emt 0:03:00]} Nc6 {[%emt 0:00:00]} 7. Nf3 {[%emt 0:00:00]} Bg4 {[%emt 0:00:30]} 8. Be2 {[%emt 0:02:00]} e6 {[%emt 0:00:30]} 9. O-O {[%emt 0:01:30]} Be7 {[%emt 0:00:30]} 10. Be3 {[%emt 0:00:00]} O-O {[%emt 0:00:30]} 11. h3 {[%emt 0:00:00]} Bh5 {[%emt 0:00:00]} 12. Qd2 {[%emt 0:08:30]} Rc8 {[%emt 0:01:00]} 13. Rac1 {[%emt 0:00:30]} Na5 {[%emt 0:00:30]} 14. Qc2 {[%emt 0:02:30]} Nc4 {[%emt 0:02:30]} 15. b3 {[%emt 0:05:30]} Nxe3 {[%emt 0:00:30]} 16. fxe3 {[%emt 0:01:30]} d5 {[%emt 0:03:30]} 17. exd5 {[%emt 0:07:30]} Nxd5 {[%emt 0:00:30]} 18. Qd3 {[%emt 0:02:30]} Bg6 {[%emt 0:00:30]} 19. e4 {[%emt 0:01:30]} Nf4 {[%emt 0:03:30]} 20. Qe3 {[%emt 0:01:30]} Nxe2+ {[%emt 0:00:30]} 21. Nxe2 {[%emt 0:00:30]} Qb6 {[%emt 0:01:30]} 22. Nf4 {[%emt 0:01:30]} Rfd8 {[%emt 0:01:30]} 23. Nxg6 {[%emt 0:00:30]} hxg6 {[%emt 0:00:30]} 24. Kh1 {[%emt 0:04:30]} Bf6 {[%emt 0:04:30]} 25. e5 {[%emt 0:00:30]} Be7 {[%emt 0:00:30]} 26. Rfd1 {[%emt 0:05:30]} Rc6 {[%emt 0:02:30]} 27. Rxc6 {[%emt 0:01:30]} Qxc6 {[%emt 0:00:30]} 28. Rc1 {[%emt 0:00:33]} Qd7 {[%emt 0:00:30]} 29. Qc3 {[%emt 0:02:35]} b5 {[%emt 0:03:30]} 30. Qa5 {[%emt 0:02:38]} Rc8 {[%emt 0:02:30]} 31. Rxc8+ {[%emt 0:00:51]} Qxc8 {[%emt 0:00:30]} 32. axb5 {[%emt 0:00:13]} axb5 {[%emt 0:00:30]} 33. Qxb5 {[%emt 0:00:08]} Qc1+ {[%emt 0:01:30]} 34. Kh2 {[%emt 0:01:30]} Qf4+ {[%emt 0:00:30]} 35. Kg1 {[%emt 0:02:25]} Qe3+ {[%emt 0:00:30]} 36. Kf1 {[%emt 0:02:04]} Qc1+ {[%emt 0:01:30]} 37. Kf2 {[%emt 0:00:55]} Qc2+ {[%emt 0:01:30]} 38. Kg3 {[%emt 0:01:08]} Qf5 {[%emt 0:01:30]} 39. Qe8+ {[%emt 0:04:10]} Bf8 {[%emt 0:00:30]} 40. Qb8 {[%emt 0:00:17]} f6 {[%emt 0:00:30]} 41. b4 {[%emt 0:00:44]} g5 {[%emt 0:01:30]} 42. exf6 {[%emt 0:00:40]} gxf6 {[%emt 0:00:00]} 43. b5 {[%emt 0:00:01]} Qd5 {[%emt 0:02:00]} 44. b6 {[%emt 0:02:23]} Kg7 {[%emt 0:00:30]} 45. Qa7+ {[%emt 0:00:07]} Kg6 {[%emt 0:00:00]} 46. b7 {[%emt 0:01:24]} Bd6+ {[%emt 0:01:00]} 47. Kf2 {[%emt 0:00:03]} Qb3 {[%emt 0:00:30]} 48. Qa6 {[%emt 0:02:56]} Qb2+ {[%emt 0:00:30]} 49. Qe2 {[%emt 0:00:00]} Qxb7 {[%emt 0:01:30]} 50. Qxe6 {[%emt 0:00:06]} Qb2+ {[%emt 0:00:30]} 51. Qe2 {[%emt 0:00:13]} Bg3+ {[%emt 0:01:30]} 52. Ke3 {[%emt 0:02:22]} Qc1+ {[%emt 0:02:30]} 53. Kd3 {[%emt 0:01:28]} Qa3+ {[%emt 0:00:30]} 54. Kc2 {[%emt 0:00:10]} Qa2+ {[%emt 0:01:30]} 55. Kd3 {[%emt 0:00:25]} Qa6+ {[%emt 0:00:00]} 56. Kd2 {[%emt 0:00:20]} Bf4+ {[%emt 0:00:00]} 57. Ke1 {[%emt 0:00:54]} Bg3+ {[%emt 0:01:30]} 58. Kd2 {[%emt 0:00:30]} Qa5+ {[%emt 0:00:30]} 59. Kc2 {[%emt 0:00:23]} Qa2+ {[%emt 0:00:30]} 60. Kd3 {[%emt 0:00:19]} Qb3+ {[%emt 0:00:30]} 61. Kd2 {[%emt 0:00:00]} Bf4+ {[%emt 0:01:30]} 62. Ke1 {[%emt 0:00:00]} Bg3+ {[%emt 0:01:30]} 63. Kd2 {[%emt 0:00:01]} Qb2+ {[%emt 0:01:30]} 64. Kd3 {[%emt 0:00:07]} Qb3+ {[%emt 0:00:30]} 65. Kd2 {[%emt 0:00:04]} Qb2+ {[%emt 0:00:30]} 66. Kd3 {[%emt 0:00:30]} Qb3+ {[%emt 0:00:00]} 67. Kd2 {[%emt 0:00:17]} Qb2+ {[%emt 0:00:00]} 1/2-1/2

[Event "5th Ordu Open 2019"]
[Site "Ordu"]
[Date "2019.05.02"]
[Round "5.14"]
[White "Onmus, Arif"]
[Black "Cakmak, Kursat Kagan"]
[Result "1-0"]
[WhiteElo "1527"]
[BlackElo "1304"]
[Annotator "NA RC"]
[PlyCount "89"]
[EventDate "2019.04.29"]
[EventType "swiss"]
[EventCountry "TUR"]
[SourceTitle "playchess.com"]
[Source "ChessBase"]
[SourceQuality "1"]
[TimeControl "5400+30"]

1. e4 {[%emt 0:31:30]} c5 {[%emt 0:30:30]} 2. Nf3 {[%emt 0:01:30]} d6 {[%emt 0:00:30]} 3. d4 {[%emt 0:00:30]} cxd4 {[%emt 0:00:00]} 4. Nxd4 {[%emt 0:00:00]} Nf6 {[%emt 0:00:00]} 5. Nc3 {[%emt 0:01:00]} g6 {[%emt 0:00:00]} 6. Be3 {[%emt 0:00:30]} Bg7 {[%emt 0:00:00]} 7. Qd2 {[%emt 0:00:00]} Ng4 {[%emt 0:00:00]} 8. Bb5+ {[%emt 0:00:00]} Bd7 {[%emt 0:00:00]} 9. O-O-O {[%emt 0:01:30]} Nxe3 {[%emt 0:00:00]} 10. fxe3 {[%emt 0:00:30]} O-O {[%emt 0:00:00]} 11. h4 {[%emt 0:00:30]} a6 {[%emt 0:00:30]} 12. Bd3 {[%emt 0:00:30]} Nc6 {[%emt 0:00:30]} 13. Nf3 {[%emt 0:02:30]} Bg4 {[%emt 0:01:30]} 14. h5 {[%emt 0:02:30]} gxh5 {[%emt 0:02:30]} 15. Be2 {[%emt 0:01:30]} Qa5 {[%emt 0:00:30]} 16. Nd4 {[%emt 0:00:30]} Qg5 {[%emt 0:03:30]} 17. Bxg4 {[%emt 0:01:30]} Qxg4 {[%emt 0:01:30]} 18. Rh3 {[%emt 0:00:30]} Be5 {[%emt 0:00:30]} 19. Nf5 {[%emt 0:00:30]} Qg5 {[%emt 0:01:30]} 20. Rdh1 {[%emt 0:00:30]} e6 {[%emt 0:01:30]} 21. Rxh5 {[%emt 0:01:30]} Qg6 {[%emt 0:01:30]} 22. Nd4 {[%emt 0:03:30]} Nxd4 {[%emt 0:02:30]} 23. exd4 {[%emt 0:00:30]} Bf6 {[%emt 0:00:30]} 24. e5 {[%emt 0:02:30]} dxe5 {[%emt 0:00:30]} 25. dxe5 {[%emt 0:00:30]} Rfd8 {[%emt 0:00:30]} 26. Qf4 {[%emt 0:03:30]} Be7 {[%emt 0:00:30]} 27. Rxh7 {[%emt 0:00:00]} Bg5 {[%emt 0:01:30]} 28. Rh8+ {[%emt 0:00:00]} Kg7 {[%emt 0:00:30]} 29. R1h7+ {[%emt 0:00:30]} Qxh7 {[%emt 0:00:30]} 30. Rxh7+ {[%emt 0:00:30]} Kg6 {[%emt 0:00:30]} 31. Rg7+ {[%emt 0:00:00]} Kxg7 {[%emt 0:00:00]} 32. Qxg5+ {[%emt 0:00:00]} Kf8 {[%emt 0:00:00]} 33. Ne4 {[%emt 0:00:00]} b5 {[%emt 0:03:30]} 34. Qf6 {[%emt 0:01:00]} Ke8 {[%emt 0:01:30]} 35. Ng5 {[%emt 0:00:30]} Ra7 {[%emt 0:00:00]} 36. Ne4 {[%emt 0:00:30]} Rad7 {[%emt 0:01:00]} 37. Nd6+ {[%emt 0:00:30]} Kf8 {[%emt 0:00:00]} 38. g4 {[%emt 0:00:30]} Rxd6 {[%emt 0:00:00]} 39. exd6 {[%emt 0:00:30]} Rxd6 {[%emt 0:00:30]} 40. g5 {[%emt 0:00:30]} Rd5 {[%emt 0:00:30]} 41. g6 {[%emt 0:01:30]} Rf5 {[%emt 0:00:30]} 42. g7+ {[%emt 0:00:30]} Kg8 {[%emt 0:00:30]} 43. Qh6 {[%emt 0:00:00]} Rf1+ {[%emt 0:00:00]} 44. Kd2 {[%emt 0:00:00]} Rf2+ {[%emt 0:00:00]} 45. Ke3 {[%emt 0:00:00]} 1-0

[Event "5th Ordu Open 2019"]
[Site "Ordu"]
[Date "2019.05.02"]
[Round "5.16"]
[White "Yuksel, Fatih Canberk"]
[Black "Iakobadze, Ucha"]
[Result "0-1"]
[WhiteElo "1299"]
[BlackElo "1387"]
[Annotator "NA"]
[PlyCount "80"]
[EventDate "2019.04.29"]
[EventType "swiss"]
[EventCountry "TUR"]
[SourceTitle "playchess.com"]
[Source "ChessBase"]
[SourceQuality "1"]
[TimeControl "5400+30"]

1. b3 {[%emt 0:30:30]} d5 {[%emt 0:31:30]} 2. Bb2 {[%emt 0:00:00]} Nc6 {[%emt 0:00:30]} 3. e3 {[%emt 0:00:00]} a6 {[%emt 0:01:30]} 4. Nf3 {[%emt 0:01:30]} f6 {[%emt 0:01:30]} 5. Be2 {[%emt 0:01:30]} e5 {[%emt 0:01:30]} 6. d3 {[%emt 0:00:30]} Be6 {[%emt 0:03:30]} 7. O-O {[%emt 0:01:30]} Bd6 {[%emt 0:01:30]} 8. Nbd2 {[%emt 0:02:30]} Nge7 {[%emt 0:02:30]} 9. c4 {[%emt 0:01:30]} Qd7 {[%emt 0:03:30]} 10. cxd5 {[%emt 0:03:30]} Nxd5 {[%emt 0:02:30]} 11. Nc4 {[%emt 0:01:30]} O-O-O {[%emt 0:02:30]} 12. Rc1 {[%emt 0:02:30]} g5 {[%emt 0:01:30]} 13. d4 {[%emt 0:02:30]} e4 {[%emt 0:02:30]} 14. Nxd6+ {[%emt 0:00:00]} Qxd6 {[%emt 0:01:30]} 15. Nd2 {[%emt 0:00:00]} f5 {[%emt 0:00:30]} 16. Nc4 {[%emt 0:00:30]} Qd7 {[%emt 0:01:30]} 17. Ne5 {[%emt 0:03:30]} Nxe5 {[%emt 0:01:30]} 18. dxe5 {[%emt 0:00:00]} g4 {[%emt 0:00:30]} 19. Bc4 {[%emt 0:00:00]} h5 {[%emt 0:03:30]} 20. Qc2 {[%emt 0:03:30]} Rh7 {[%emt 0:02:30]} 21. Rfd1 {[%emt 0:01:30]} c6 {[%emt 0:02:30]} 22. Bxa6 {[%emt 0:07:30]} bxa6 {[%emt 0:03:30]} 23. Qxc6+ {[%emt 0:00:30]} Qxc6 {[%emt 0:02:30]} 24. Rxc6+ {[%emt 0:00:00]} Nc7 {[%emt 0:01:30]} 25. Rdd6 {[%emt 0:02:00]} Rhd7 {[%emt 0:04:43]} 26. Bd4 {[%emt 0:01:30]} Bd5 {[%emt 0:01:59]} 27. Rxd7 {[%emt 0:20:51]} Rxd7 {[%emt 0:02:36]} 28. Rh6 {[%emt 0:00:08]} Bf7 {[%emt 0:01:38]} 29. g3 {[%emt 0:01:07]} Ne6 {[%emt 0:02:32]} 30. Bc3 {[%emt 0:04:18]} Rd1+ {[%emt 0:01:02]} 31. Kg2 {[%emt 0:00:09]} Ng5 {[%emt 0:01:24]} 32. Rd6 {[%emt 0:05:52]} Rxd6 {[%emt 0:00:30]} 33. exd6 {[%emt 0:00:30]} Kd7 {[%emt 0:00:30]} 34. Be5 {[%emt 0:00:00]} Be6 {[%emt 0:01:17]} 35. Kf1 {[%emt 0:03:36]} Nf3 {[%emt 0:01:33]} 36. Bf4 {[%emt 0:00:54]} Nxh2+ {[%emt 0:00:13]} 37. Ke2 {[%emt 0:00:30]} Nf3 {[%emt 0:00:23]} 38. Kd1 {[%emt 0:00:27]} Kc6 {[%emt 0:01:12]} 39. Kc2 {[%emt 0:00:45]} Ne1+ {[%emt 0:00:14]} 40. Kd2 {[%emt 0:00:28]} Nd3 {[%emt 0:00:45]} 0-1

[Event "5th Ordu Open 2019"]
[Site "Ordu"]
[Date "2019.05.02"]
[Round "6.1"]
[White "Pacher, Milan"]
[Black "Kilic, Efe Mert"]
[Result "1-0"]
[WhiteElo "2396"]
[BlackElo "2248"]
[Annotator "NA"]
[PlyCount "89"]
[EventDate "2019.04.29"]
[EventType "swiss"]
[EventCountry "TUR"]
[SourceTitle "playchess.com"]
[Source "ChessBase"]
[SourceQuality "1"]
[TimeControl "5400+30"]

1. e4 {[%emt 0:02:30]} e5 {[%emt 0:00:30]} 2. Nf3 {[%emt 0:00:30]} Nc6 {[%emt 0:00:30]} 3. Bb5 {[%emt 0:00:30]} a6 {[%emt 0:00:30]} 4. Ba4 {[%emt 0:00:30]} g6 {[%emt 0:00:30]} 5. c3 {[%emt 0:00:30]} Bg7 {[%emt 0:00:30]} 6. d4 {[%emt 0:00:30]} exd4 {[%emt 0:00:30]} 7. cxd4 {[%emt 0:00:30]} b5 {[%emt 0:00:30]} 8. Bb3 {[%emt 0:00:00]} Nge7 {[%emt 0:00:30]} 9. Nc3 {[%emt 0:01:00]} d6 {[%emt 0:00:00]} 10. O-O {[%emt 0:00:30]} O-O {[%emt 0:01:00]} 11. h3 {[%emt 0:00:30]} h6 {[%emt 0:02:30]} 12. a4 {[%emt 0:04:30]} b4 {[%emt 0:03:30]} 13. Nd5 {[%emt 0:00:30]} Na5 {[%emt 0:01:30]} 14. Nxe7+ {[%emt 0:00:30]} Qxe7 {[%emt 0:00:30]} 15. Bc2 {[%emt 0:00:00]} c5 {[%emt 0:01:30]} 16. Re1 {[%emt 0:01:00]} cxd4 {[%emt 0:08:30]} 17. Nxd4 {[%emt 0:01:30]} Qa7 {[%emt 0:01:30]} 18. Nf3 {[%emt 0:05:30]} Qc7 {[%emt 0:04:30]} 19. Bf4 {[%emt 0:15:30]} Rd8 {[%emt 0:02:30]} 20. Rb1 {[%emt 0:00:30]} Kh7 {[%emt 0:13:30]} 21. b3 {[%emt 0:04:30]} Be6 {[%emt 0:00:30]} 22. Re2 {[%emt 0:04:30]} Rac8 {[%emt 0:18:30]} 23. Nd4 {[%emt 0:13:30]} Nc6 {[%emt 0:00:30]} 24. Nxe6 {[%emt 0:02:30]} fxe6 {[%emt 0:00:30]} 25. Bd3 {[%emt 0:00:30]} Qb6 {[%emt 0:15:30]} 26. Bc4 {[%emt 0:05:30]} Nd4 {[%emt 0:00:30]} 27. Rd2 {[%emt 0:00:30]} e5 {[%emt 0:00:30]} 28. Be3 {[%emt 0:00:30]} a5 {[%emt 0:01:30]} 29. f4 {[%emt 0:09:30]} Rf8 {[%emt 0:01:34]} 30. f5 {[%emt 0:00:30]} gxf5 {[%emt 0:03:20]} 31. exf5 {[%emt 0:00:30]} Qd8 {[%emt 0:00:30]} 32. Bxd4 {[%emt 0:06:30]} exd4 {[%emt 0:00:05]} 33. Re2 {[%emt 0:00:30]} Be5 {[%emt 0:00:30]} 34. Qd3 {[%emt 0:00:30]} Kg7 {[%emt 0:04:44]} 35. Rf1 {[%emt 0:00:35]} Qg5 {[%emt 0:00:23]} 36. Re4 {[%emt 0:04:54]} h5 {[%emt 0:00:26]} 37. Rxd4 {[%emt 0:01:12]} Bxd4+ {[%emt 0:02:11]} 38. Qxd4+ {[%emt 0:00:03]} Qf6 {[%emt 0:04:57]} 39. Qd1 {[%emt 0:02:56]} Rxc4 {[%emt 0:04:02]} 40. bxc4 {[%emt 0:00:04]} Rc8 {[%emt 0:02:37]} 41. Qxh5 {[%emt 0:03:58]} Rxc4 {[%emt 0:00:08]} 42. Qe8 {[%emt 0:00:23]} Rc7 {[%emt 0:01:00]} 43. Rf4 {[%emt 0:01:20]} Rf7 {[%emt 0:01:26]} 44. Rg4+ {[%emt 0:00:30]} Kh6 {[%emt 0:00:30]} 45. Rg6+ {[%emt 0:00:00]} 1-0

[Event "5th Ordu Open 2019"]
[Site "Ordu"]
[Date "2019.05.02"]
[Round "6.2"]
[White "Isik, Alparslan"]
[Black "Dogan, Nazmi Can"]
[Result "1/2-1/2"]
[WhiteElo "2233"]
[BlackElo "2214"]
[Annotator "NA"]
[PlyCount "65"]
[EventDate "2019.04.29"]
[EventType "swiss"]
[EventCountry "TUR"]
[SourceTitle "playchess.com"]
[Source "ChessBase"]
[SourceQuality "1"]
[TimeControl "5400+30"]

1. Nf3 {[%emt 0:00:30]} Nf6 {[%emt 0:02:30]} 2. c4 {[%emt 0:00:00]} g6 {[%emt 0:04:30]} 3. Nc3 {[%emt 0:00:00]} Bg7 {[%emt 0:01:30]} 4. e4 {[%emt 0:00:30]} c5 {[%emt 0:00:30]} 5. d4 {[%emt 0:01:30]} cxd4 {[%emt 0:00:30]} 6. Nxd4 {[%emt 0:00:00]} Nc6 {[%emt 0:00:00]} 7. Nc2 {[%emt 0:02:00]} d6 {[%emt 0:02:00]} 8. Be2 {[%emt 0:00:30]} O-O {[%emt 0:01:30]} 9. O-O {[%emt 0:01:30]} Nd7 {[%emt 0:01:30]} 10. Bd2 {[%emt 0:01:30]} Nc5 {[%emt 0:01:30]} 11. b4 {[%emt 0:07:30]} Ne6 {[%emt 0:03:30]} 12. Rc1 {[%emt 0:07:30]} Ned4 {[%emt 0:15:30]} 13. Nxd4 {[%emt 0:01:30]} Nxd4 {[%emt 0:01:30]} 14. Be3 {[%emt 0:13:30]} Nxe2+ {[%emt 0:05:30]} 15. Nxe2 {[%emt 0:00:30]} Bd7 {[%emt 0:05:30]} 16. Qd3 {[%emt 0:04:30]} a6 {[%emt 0:11:30]} 17. Rfd1 {[%emt 0:02:30]} Rc8 {[%emt 0:03:30]} 18. Nc3 {[%emt 0:04:30]} Be6 {[%emt 0:07:30]} 19. Nd5 {[%emt 0:02:30]} Bxd5 {[%emt 0:02:30]} 20. exd5 {[%emt 0:00:30]} b6 {[%emt 0:03:30]} 21. c5 {[%emt 0:09:30]} bxc5 {[%emt 0:00:30]} 22. bxc5 {[%emt 0:01:30]} dxc5 {[%emt 0:00:00]} 23. Qxa6 {[%emt 0:05:30]} Bd4 {[%emt 0:00:00]} 24. Bxd4 {[%emt 0:00:30]} cxd4 {[%emt 0:00:30]} 25. Rxc8 {[%emt 0:01:30]} Qxc8 {[%emt 0:00:00]} 26. Qa4 {[%emt 0:09:30]} e5 {[%emt 0:01:00]} 27. dxe6 {[%emt 0:01:30]} Qxe6 {[%emt 0:00:00]} 28. g3 {[%emt 0:00:30]} Rd8 {[%emt 0:00:00]} 29. Rxd4 {[%emt 0:01:30]} Rxd4 {[%emt 0:00:30]} 30. Qxd4 {[%emt 0:00:30]} Qxa2 {[%emt 0:00:30]} 31. Qd8+ {[%emt 0:00:30]} Kg7 {[%emt 0:00:30]} 32. Qd4+ {[%emt 0:00:30]} Kg8 {[%emt 0:00:30]} 33. Qd8+ {[%emt 0:00:00]} 1/2-1/2

[Event "5th Ordu Open 2019"]
[Site "Ordu"]
[Date "2019.05.02"]
[Round "6.3"]
[White "Barski, Radoslaw"]
[Black "Mosadeghpour, Masoud"]
[Result "0-1"]
[WhiteElo "2462"]
[BlackElo "2514"]
[Annotator "TA"]
[PlyCount "74"]
[EventDate "2019.04.29"]
[EventType "swiss"]
[EventCountry "TUR"]
[SourceTitle "playchess.com"]
[Source "ChessBase"]
[SourceQuality "1"]

{[%evp 18,74,34,0,0,0,0,0,0,-15,0,3,-5,13,23,5,29,32,83,0,5,0,60,51,51,62,77,94,82,61,96,139,118,0,0,-72,-45,-62,-50,-59,0,0,0,0,0,0,0,0,0,-540,-525,-504,-456,-456,-454,-452,-446,-447,-440]} 1. e4 c5 2. Nf3 d6 3. d4 cxd4 4. Nxd4 Nf6 5. Nc3 Nc6 6. Bg5 e6 7. Qd2 a6 8. O-O-O Bd7 9. f4 Be7 10. Bxf6 Bxf6 {B68: Sicilian: Richter-Rauzer: 7...a6 8 0-0-0 Bd7 9 f4 Be7} 11. Nf3 (11. Nxc6 Bxc6 12. Bc4 O-O 13. Rhe1 Qa5 14. Kb1 b5 15. Bb3 b4 16. Ne2 Bxe4 17. Ng3 Bb7 18. f5 exf5 {1-0 (44) Corrales Jimenez,F (2559)-Yoo,C (2388) chess.com INT 2019}) 11... Be7 12. Kb1 b5 {[%cal Bb7b5,Bb5b4][%mdl 32] The position is equal.} 13. Bd3 $146 ({Predecessor:} 13. g4 b4 14. Ne2 a5 15. Ned4 Nxd4 16. Nxd4 Rb8 17. f5 Qc7 18. fxe6 fxe6 {0-1 (43) Karamichos,M (1412)-Stamatiou,R (1950) Rio 2018}) 13... Rc8 14. h4 b4 15. Ne2 $36 {[%mdl 2048] Black is under pressure.} a5 16. e5 d5 17. f5 exf5 (17... Qc7 $14) 18. Ned4 (18. Ng3 $16) 18... Nxd4 $11 19. Nxd4 g6 (19... O-O $1 $11) 20. h5 $14 Qb6 21. hxg6 Qxd4 22. Qh6 $1 {[%cal Rh6g7]} fxg6 {[#]} 23. e6 $1 {[%cal Re6d7][%mdl 512]} Qf6 (23... Bxe6 24. Bb5+) 24. exd7+ Kxd7 25. Rhe1 ({Only move:} 25. Bb5+ $16 Kc7 26. Rxd5) 25... Rc5 $11 {[#]} 26. Re2 (26. g4 $1 $11 {[%mdl 512] remains equal.}) 26... Bf8 27. Qe3 Bd6 28. Rde1 a4 (28... Rf8 $15 29. Rh1 h5) 29. Bb5+ $1 Rxb5 30. Qa7+ Kc6 31. Qa6+ $1 Rb6 32. Qxa4+ Kb7 {And now ...Rd8 would win.} 33. Re8 $2 {[%mdl 8192]} (33. Re6 $1 $11 Qd4 {[#]} 34. Re7+ $1 {[%mdl 512]} Bc7 35. Rxc7+ $1 {[%mdl 512]} Kxc7 36. Qa7+ Kd6 37. Qe7+ Kc6 38. Re6+ Kb5 39. Qd7+ Kc5 40. Qc7+ Kb5 41. Qd7+ Kc5 42. Qc7+ Kb5 43. Qd7+) 33... Rxe8 $19 {Black is clearly winning.} 34. Rxe8 {Intending Qa8+ and mate.} Bb8 35. Qd7+ Ka8 36. Qa4+ Ra6 37. Qb5 {[%csl Ge8][%cal Rb5b8]} Qb6 {Accuracy: White = 69%, Black = 69%.} 0-1

[Event "5th Ordu Open 2019"]
[Site "Ordu"]
[Date "2019.05.02"]
[Round "6.4"]
[White "Mgeladze, Tamaz"]
[Black "Haznedaroglu, Kivanc"]
[Result "0-1"]
[WhiteElo "2396"]
[BlackElo "2466"]
[Annotator "ChessBase"]
[PlyCount "70"]
[EventDate "2019.04.29"]
[EventType "swiss"]
[EventCountry "TUR"]
[SourceTitle "playchess.com"]
[Source "ChessBase"]
[SourceQuality "1"]
[TimeControl "5400+30"]

1. c4 {[%emt 0:04:30]} b6 {[%emt 0:00:30]} 2. Nf3 {[%emt 0:01:30]} Bb7 {[%emt 0:00:30]} 3. g3 {[%emt 0:00:30]} Bxf3 {[%emt 0:00:30]} 4. exf3 {[%emt 0:00:30]} c5 {[%emt 0:00:30]} 5. d4 {[%emt 0:00:30]} Nc6 {[%emt 0:00:00]} 6. dxc5 {[%emt 0:04:30]} bxc5 {[%emt 0:00:00]} 7. b3 {[%emt 0:00:30]} e6 {[%emt 0:00:30]} 8. Bb2 {[%emt 0:00:30]} Nge7 {[%emt 0:00:30]} 9. Bh3 {[%emt 0:03:30]} h5 {[%emt 0:01:30]} 10. O-O {[%emt 0:07:30]} h4 {[%emt 0:01:30]} 11. Bg2 {[%emt 0:00:00]} hxg3 {[%emt 0:01:30]} 12. hxg3 {[%emt 0:00:00]} Nf5 {[%emt 0:00:30]} 13. Na3 {[%emt 0:04:30]} Rc8 {[%emt 0:13:30]} 14. Qd3 {[%emt 0:10:30]} Ncd4 {[%emt 0:10:30]} 15. Nc2 {[%emt 0:03:30]} Nxc2 {[%emt 0:02:30]} 16. Qxc2 {[%emt 0:00:30]} Qg5 {[%emt 0:00:30]} 17. Rad1 {[%emt 0:02:30]} Be7 {[%emt 0:03:30]} 18. Rfe1 {[%emt 0:03:30]} Bf6 {[%emt 0:03:30]} 19. f4 {[%emt 0:02:30]} Qh5 {[%emt 0:01:30]} 20. Bxf6 {[%emt 0:03:30]} gxf6 {[%emt 0:00:30]} 21. Qd3 {[%emt 0:00:30]} d6 {[%emt 0:02:30]} 22. Qc3 {[%emt 0:02:30]} Rh6 {[%emt 0:06:30]} 23. Bf3 {[%emt 0:06:30]} Qh2+ {[%emt 0:02:30]} 24. Kf1 {[%emt 0:00:00]} Rg6 {[%emt 0:00:30]} 25. Bg2 {[%emt 0:10:00]} Kf8 {[%emt 0:07:30]} 26. Qf3 {[%emt 0:03:30]} Kg7 {[%emt 0:01:30]} 27. Rxe6 {[%emt 0:03:30]} Nxg3+ {[%emt 0:00:30]} 28. fxg3 {[%emt 0:00:30]} Rxg3 {[%emt 0:00:30]} 29. Qb7 {[%emt 0:00:30]} Rc7 {[%emt 0:01:30]} 30. Qa8 {[%emt 0:05:59]} fxe6 {[%emt 0:00:30]} 31. Rxd6 {[%emt 0:01:29]} Re3 {[%emt 0:01:30]} 32. Rd2 {[%emt 0:01:35]} Qxf4+ {[%emt 0:00:30]} 33. Rf2 {[%emt 0:00:00]} Qe5 {[%emt 0:00:30]} 34. Be4 {[%emt 0:01:58]} Rd7 {[%emt 0:00:30]} 35. Rd2 {[%emt 0:02:41]} Qa1+ {[%emt 0:01:30]} 0-1

[Event "5th Ordu Open 2019"]
[Site "Ordu"]
[Date "2019.05.02"]
[Round "6.5"]
[White "Odeev, Handszar"]
[Black "Eren, Ataberk"]
[Result "1/2-1/2"]
[WhiteElo "2394"]
[BlackElo "2256"]
[Annotator "NA"]
[PlyCount "44"]
[EventDate "2019.04.29"]
[EventType "swiss"]
[EventCountry "TUR"]
[SourceTitle "playchess.com"]
[Source "ChessBase"]
[SourceQuality "1"]
[TimeControl "5400+30"]

1. e4 {[%emt 0:07:30]} e6 {[%emt 0:00:30]} 2. d4 {[%emt 0:01:30]} d5 {[%emt 0:00:00]} 3. exd5 {[%emt 0:00:30]} exd5 {[%emt 0:00:00]} 4. Nf3 {[%emt 0:00:30]} Nf6 {[%emt 0:00:30]} 5. Bd3 {[%emt 0:00:30]} Bd6 {[%emt 0:00:30]} 6. O-O {[%emt 0:00:30]} O-O {[%emt 0:00:00]} 7. h3 {[%emt 0:05:30]} h6 {[%emt 0:00:00]} 8. c4 {[%emt 0:06:30]} dxc4 {[%emt 0:00:30]} 9. Bxc4 {[%emt 0:00:30]} Nc6 {[%emt 0:00:30]} 10. Nc3 {[%emt 0:00:30]} Bf5 {[%emt 0:00:30]} 11. Re1 {[%emt 0:00:30]} Re8 {[%emt 0:02:30]} 12. Rxe8+ {[%emt 0:18:30]} Qxe8 {[%emt 0:00:30]} 13. Be3 {[%emt 0:00:30]} a6 {[%emt 0:00:00]} 14. Nh4 {[%emt 0:10:30]} Be4 {[%emt 0:12:00]} 15. Nxe4 {[%emt 0:02:30]} Qxe4 {[%emt 0:01:30]} 16. Nf3 {[%emt 0:03:30]} Na5 {[%emt 0:08:30]} 17. Bd3 {[%emt 0:01:30]} Qd5 {[%emt 0:01:30]} 18. Qc2 {[%emt 0:01:30]} Rd8 {[%emt 0:02:30]} 19. Qa4 {[%emt 0:09:30]} Nd7 {[%emt 0:07:30]} 20. Qc2 {[%emt 0:05:30]} Nf6 {[%emt 0:00:30]} 21. Qa4 {[%emt 0:02:43]} Nd7 {[%emt 0:00:00]} 22. Qc2 {[%emt 0:00:17]} Nf6 {[%emt 0:01:00]} 1/2-1/2

[Event "5th Ordu Open 2019"]
[Site "Ordu"]
[Date "2019.05.02"]
[Round "6.6"]
[White "Annaberdiev, Meilis"]
[Black "Tanriverdi, Enes"]
[Result "1-0"]
[WhiteElo "2531"]
[BlackElo "2348"]
[Annotator "TA"]
[PlyCount "59"]
[EventDate "2019.04.29"]
[EventType "swiss"]
[EventCountry "TUR"]
[SourceTitle "playchess.com"]
[Source "ChessBase"]
[SourceQuality "1"]

{[%evp 13,59,14,13,4,4,11,11,0,12,4,4,9,6,2,2,9,4,4,10,8,8,0,243,243,237,208,191,198,191,191,182,182,255,250,298,295,288,287,358,360,317,289,349,381,557,557,539,493]} 1. e4 c5 2. Nf3 e6 3. c3 Nf6 4. e5 Nd5 5. d4 cxd4 6. cxd4 d6 7. Bc4 Be7 8. O-O {B22: Sicilian: 2 c3} O-O 9. Qe2 (9. Bd2 dxe5 10. dxe5 Nb6 11. Bb3 Bd7 12. Qe2 Ba4 13. Bxa4 Nxa4 14. Nc3 Nxc3 15. Bxc3 Nc6 {½-½ (30) Petrov,N (2591)-Zvjaginsev,V (2642) Skopje 2019}) 9... b6 10. Bd2 {The position is equal.} Bb7 11. Nc3 Nxc3 12. Bxc3 Nd7 13. Rfd1 $36 {[%mdl 2048] Threatening d5. White fights for an advantage.} dxe5 14. d5 exd5 15. Bxd5 Bxd5 16. Rxd5 Qc7 17. Nxe5 {[#]} Rad8 $146 {[#]} (17... Nf6 $11 {and Black has nothing to worry.} 18. Rd3 Rad8) ({Predecessor:} 17... Nf6) 18. Nxd7 $1 $18 Rxd7 19. Qg4 {[%csl Gc3][%cal Rg4g7][%mdl 64] Double Attack} Qxc3 20. Rxd7 ({But not} 20. bxc3 $6 Rxd5 21. Rd1 h5 $16) 20... Qxb2 21. Rf1 Bc5 22. Rxa7 g6 (22... Qf6 {was called for.} 23. Qe2 Rd8) 23. Qf3 b5 24. Rc7 Qe5 25. Rb7 b4 26. g3 h5 27. h4 Qe6 28. Rc1 Rc8 (28... Bd6 {was worth a try.} 29. Rc6 Rd8) 29. Kg2 Kg7 30. Rc2 {Accuracy: White = 79%, Black = 47%.} 1-0